000 00589nam a2200229Ia 4500
003 OSt
005 20221005124436.0
006 a|||||r|||| 00| 0
007 ta
008 221004b |||||||| |||| 00| 0 eng d
024 _a66557
037 _cTextual
040 _aCRL
_cCRL
_beng
041 _2eng
_aeng
082 _aV52:21wM83, K41-;1
100 _aHalperin S William
_9111761
245 0 _aMussolini and Italian Fascism
260 _c1964
650 _aHISTORY
942 _hV52:21wM83, K41-;1
_cTEXL
_2cc
999 _c1050503
_d1050503